Score 0/30 Timer 10:00
0 Plays Today
Hint Answer % Correct
Last Son Of KryptonSuperman
100%
The Dark KnightBatman
87.5%
Princess of ThemysciraWonder Woman
87.5%
Fastest Man AliveFlash
87.5%
King of AtlantisAquaman
87.5%
James Gordon Daughter but once Batman SidekickBatgirl
87.5%
Emerald ArcherGreen Arrow
75%
Most Famous Green LanternHal Jordan
75%
Ruler of the SwampSwamp Thing
75%
Female Master of MagicZatanna
75%
Once was Robin But now is _____Nightwing
75%
Martian Justice League MemberMartian Man Hunter
75%
Oldest Green LanternAlan Scott
75%
Smallest Justice League MemberAtom
75%
Strongest Member of the WatchmenDr. Manhattan
75%
Hint Answer % Correct
'Loudest' Member of the Birds Of PreyBlack Canary
62.5%
God of ThunderShazam
62.5%
Old West HeroJonah Hex
62.5%
Young Justice League Member attached to the ScarabBlue Beetle
62.5%
2nd Master of MagicDr. Fate
62.5%
Fastest Kid AliveKid Flash
62.5%
Youngest Member of the Teen TitansBeast Boy
62.5%
Ghost Member of Justice League DarkDeadman
62.5%
Robot Justice League MemberCyborg
62.5%
Master of MagicConstantine
50%
Famous Members of WatchmenRorschach
50%
Strongest Space HeroCaptain Atom
50%
Jefferson PierceBlack Lightning
50%
Nuclear Member of the Justice LeagueFirestorm
37.5%
Michael CarterBooster Gold
25%
Remove Ads.
Support Sporcle.
Get the best of Sporcle when you Go Orange. This ad-free experience offers more features, more stats, and more fun while also helping to support Sporcle. Thank you for becoming a member.

You're not logged in!

Compare scores with friends on all Sporcle quizzes.
OR
Log In

Sporcle TV

Today on Sporcle TV


Watch our educational content, quiz creation guides, and fun videos on Sporcle TV.

Show Comments

Extras

Created May 15, 2020ReportNominate
Tags:Here, Universe

Top Quizzes Today


Score Distribution

Paid Content

Your Account Isn't Verified!

In order to create a playlist on Sporcle, you need to verify the email address you used during registration. Go to your Sporcle Settings to finish the process.

Report this User

Report this user for behavior that violates our Community Guidelines.

Details: